LEADER 00793nam0-22003011i-450 001 990001699350403321 005 20190529131332.0 035 $a000169935 035 $aFED01000169935 035 $a(Aleph)000169935FED01 035 $a000169935 100 $a20030910d1976----km-y0itay50------ba 101 0 $aspa 102 $aES 200 1 $a<>monedas de la ceca de Ebusus$fMarta Campo Diaz 210 $aBarcelona$cUniversidad$d1976 215 $a15 p.$d24 cm 610 0 $aNumismatica 610 0 $aIbiza 676 $a737 700 1$aCampo Díaz,$bMarta$0424471 801 0$aIT$bUNINA$gRICA$2UNIMARC 901 $aLG 912 $a990001699350403321 952 $a60 OP. 104/9$b45905$fFAGBC 959 $aFAGBC 996 $aMonedas de la ceca de Ebusus$9362052 997 $aUNINA LEADER 02047nam 2200637 a 450 001 9910454287903321 005 20200520144314.0 010 $a1-282-15193-2 010 $a9786612151934 010 $a90-272-9125-X 035 $a(CKB)1000000000534983 035 $a(SSID)ssj0000130690 035 $a(PQKBManifestationID)11135567 035 $a(PQKBTitleCode)TC0000130690 035 $a(PQKBWorkID)10082946 035 $a(PQKB)10911706 035 $a(MiAaPQ)EBC622379 035 $a(Au-PeEL)EBL622379 035 $a(CaPaEBR)ebr10206167 035 $a(OCoLC)648331544 035 $a(EXLCZ)991000000000534983 100 $a20070823d2007 uy 0 101 0 $aeng 135 $aurcn||||||||| 181 $ctxt 182 $cc 183 $acr 200 00$aCoreference, modality, and focus$b[electronic resource] $estudies on the syntax-semantics interface /$fedited by Luis Eguren, Olga Ferna?ndez Soriano 210 $aAmsterdam ;$aPhiladelphia $cJ. Benjamins Pub. Co.$dc2007 215 $axii, 239 p. $cill 225 1 $aLinguistik aktuell =$aLinguistics today,$x0166-0829 ;$vv. 111 300 $aBibliographic Level Mode of Issuance: Monograph 311 $a90-272-3375-6 320 $aIncludes bibliographical references and index. 410 0$aLinguistik aktuell ;$vBd. 111. 606 $aGrammar, Comparative and general$xSyntax 606 $aSemantics 606 $aReference (Linguistics) 606 $aModality (Linguistics) 606 $aFocus (Linguistics) 608 $aElectronic books. 615 0$aGrammar, Comparative and general$xSyntax. 615 0$aSemantics. 615 0$aReference (Linguistics) 615 0$aModality (Linguistics) 615 0$aFocus (Linguistics) 676 $a415 701 $aEguren$b Luis$0591844 701 $aFerna?ndez Soriano$b Olga$0591845 801 0$bMiAaPQ 801 1$bMiAaPQ 801 2$bMiAaPQ 906 $aBOOK 912 $a9910454287903321 996 $aCoreference, modality, and focus$92010857 997 $aUNINA